Cơ học chất lỏng ứng dụng

Na minha lista:
Detalhes bibliográficos
Autor principal: Phạm Văn Vĩnh
Formato: Livro
Idioma:Undetermined
Publicado em: Hà Nội Giáo Dục 2001
Assuntos:
Tags: Adicionar Tag
Sem tags, seja o primeiro a adicionar uma tag!
Thư viện lưu trữ: Trung tâm Học liệu Trường Đại học Cần Thơ
LEADER 00470nam a2200169Ia 4500
001 CTU_41426
008 210402s9999 xx 000 0 und d
082 |a 620.106 
082 |b V312 
100 |a Phạm Văn Vĩnh 
245 0 |a Cơ học chất lỏng ứng dụng 
245 0 |c Phạm Văn Vĩnh 
260 |a Hà Nội 
260 |b Giáo Dục 
260 |c 2001 
650 |a fluid mechanics 
980 |a Trung tâm Học liệu Trường Đại học Cần Thơ